| 000 | 00429nam a2200157Ia 4500 | ||
|---|---|---|---|
| 005 | 20250329113200.0 | ||
| 008 | 231217s9999 xx 000 0 und d | ||
| 020 | _a9788131415146 | ||
| 082 | _a152.4 SUJ;3 | ||
| 100 | _aSujatha, B ed. Vasuki, M ed. | ||
| 245 | 0 | _aBuilding emotional competence : concepts and cases | |
| 260 |
_c2008 _bIcfai _aHyderabad |
||
| 300 | _axi, 281 | ||
| 650 | _aemotional,competence | ||
| 942 | _cAA | ||
| 999 |
_c188943 _d188943 |
||